| 000 -CABECERA |
| Longitud fija campo de control |
00896nam a2200229 u 4500 |
| 001 - NÚMERO DE CONTROL |
| Número de control |
991061183276406706 |
| 003 - IDENTIFICADOR DEL NÚMERO DE CONTROL |
| Identificador del número de control |
OSt |
| 005 - FECHA Y HORA DE LA ÚLTIMA TRANSACCIÓN |
| Fecha y hora de la última transacción |
20240925103752.0 |
| 008 - CÓDIGOS DE INFORMACIÓN DE LONGITUD FIJA |
| Códigos de información de longitud fija |
s2021 xx r 000 0 cat d |
| 020 ## - NÚMERO INTERNACIONAL NORMALIZADO PARA LIBROS |
| Número Internacional Normalizado para Libros (ISBN) |
9788413035703 |
| 040 ## - FUENTE DE LA CATALOGACIÓN |
| Centro catalogador de origen |
CDMR |
| Lengua de catalogación |
cat |
| Centro transcriptor |
CDMR |
| 100 ## - PUNTO DE ACCESO PRINCIPAL-NOMBRE DE PERSONA |
| Nombre de persona |
Vilà Coma, Núria |
| 9 (RLIN) |
4972 |
| 245 ## - MENCIÓN DE TÍTULO |
| Título |
Històries del 30' |
| Resto del título |
: [15 reportatges emblemàtics vistos avui] |
| Mención de responsabilidad, etc. |
/ Núria Vilà Coma ; pròlegs de: Joan Salvat, Eduard Sanjuán, Carles Solà ; epíleg de: Genís Cormand |
| 260 ## - PUBLICACIÓN, DISTRIBUCIÓN, ETC. (PIE DE IMPRENTA) |
| Lugar de publicación, distribución, etc. |
Lleida : |
| Nombre del editor, distribuidor, etc. |
Pagès Editors, |
| Fecha de publicación, distribución, etc. |
2024 |
| 300 ## - DESCRIPCIÓN FÍSICA |
| Extensión |
233 pàgines |
| 505 ## - NOTA DE CONTENIDO CON FORMATO |
| Nota de contenido con formato |
Cada capítol conté un codi QR per a visualitzar el vídeo del reportatge que s'hi comenta |
| 610 20 - PUNTO DE ACCESO ADICIONAL DE MATERIA - NOMBRE DE ENTIDAD CORPORATIVA |
| 9 (RLIN) |
446 |
| Nombre de entidad corporativa o nombre de jurisdicción como elemento inicial |
Televisió de Catalunya |
| Subdivisió,n de materia general |
Programes |
| 630 #0 - PUNTO DE ACCESO ADICIONAL DE MATERIA - TÍTULO UNIFORME |
| 9 (RLIN) |
4973 |
| Título uniforme |
30 minuts (Programa de televisió) |
| 650 #0 - PUNTO DE ACCESO ADICIONAL DE MATERIA - TÉRMINO DE MATERIA |
| 9 (RLIN) |
3122 |
| Término de materia o nombre geográfico como elemento inicial |
Televisió |
| Subdivisión geográfica |
Catalunya |
| Subdivisión de materia general |
Programes |
| 740 ## - PUNTO DE ACCESO ADICIONAL - TÍTULO RELACIONADO O ANALÍTICO NO CONTROLADO |
| Título relacionado o analítico no controlado |
Històries del 30 minuts |
| 942 ## - ENTRADA DE ELEMENTOS AGREGADOS (KOHA) |
| Fuente de clasificaión o esquema |
|
| Koha [por defecto] tipo de item |
Monografies |